000 01386nam a2200313 i 4500
001 sky309664615
003 SKY
005 20240503152353.0
008 240325t20242024mnua j 001 0 eng d
020 _a9781098291853
020 _a1098291859
040 _dSKYRV
_erda
092 _ajunior nonfiction
_b613.69 Rusick
100 1 _aRusick, Jessica,
_eauthor.
_96377627
245 1 0 _aSurviving the rainforest /
_cJessica Rusick.
264 1 _aMinneapolis, Minnesota :
_bA & D Xtreme, an imprint of Abdo Publishing,
_c[2024]
264 4 _c©2024.
300 _a48 pages :
_bcolor illustrations ;
_c24 cm.
490 1 _aXtreme survival.
500 _aIncludes index.
520 _a"In this title, readers learn how to survive in the rainforest through the real-life experiences of those who survived. In addition to how to find food and water, make a shelter, and signal for help, this title examines the conditions, plants and animals, and dangers of the rainforest. Aligned to Common Core standards and correlated to state standards. A&D Xtreme is an imprint of Abdo Publishing, a division of ABDO."--
650 0 _aRain forests
_vJuvenile literature.
_95693227
650 0 _aSurvival
_vJuvenile literature.
_95688513
800 1 _aRusick, Jessica.
_tXtreme survival.
_96487006
942 _2ddc
_cBOOK
999 _c396273
_d396273